Performance measurement practices in the Malaysian companies : an exploratory study /
Saved in:
| Main Author: | |
|---|---|
| Format: | Thesis |
| Language: | English |
| Published: |
Gombak, Selangor :
Kulliyyah of Economics and Management Sciences, International Islamic University Malaysia,
2007
|
| Subjects: | |
| Online Access: | http://studentrepo.iium.edu.my/handle/123456789/3374 |
| Tags: |
Add Tag
No Tags, Be the first to tag this record!
|
| LEADER | 021530000a22003850004500 | ||
|---|---|---|---|
| 001 | 401201 | ||
| 005 | 20081218163600.0 | ||
| 008 | 080314t2007 my a g 000 0 eng d | ||
| 035 | |a (Sirsi) 401201 | ||
| 040 | |a UIAM |b eng | ||
| 043 | |a a-my-- | ||
| 050 | 0 | 0 | |a HD58.9 |
| 100 | 1 | |a Ayedh, Abdullah Mohammed | |
| 245 | 1 | 0 | |a Performance measurement practices in the Malaysian companies : |b an exploratory study / |c by Abdullah Mohamed Ayedh |
| 260 | |a Gombak, Selangor : |b Kulliyyah of Economics and Management Sciences, International Islamic University Malaysia, |c 2007 | ||
| 300 | |a xiv, 141 leaves : |b ill. ; |c 30 cm. | ||
| 500 | |a Abstracts in English and Arabic. | ||
| 500 | |a "A dissertation submitted in partial fulfilment of the requirements for the degree of Master of Science (Accounting)."--On t.p. | ||
| 502 | |a Thesis (MSc. ACC)--International Islamic University Malaysia, 2007. | ||
| 504 | |a Includes bibliographical references (leaves 119-124). | ||
| 530 | |a Also available on (4 3/4 in.) computer laser optical disc. | ||
| 596 | |a 1 | ||
| 650 | 0 | |a Organizational effectiveness |x Measurement |z Malaysia | |
| 650 | 0 | |a Organizational effectiveness |x Measurement | |
| 650 | 0 | |a Performance |x Measurement | |
| 655 | 0 | 7 | |a Theses, IIUM local |
| 690 | 0 | |a Dissertations, Academic |x Kulliyyah of Economics and Management Sciences |z IIUM | |
| 710 | 2 | |a International Islamic University Malaysia. |b Kulliyyah of Economics and Management Sciences | |
| 730 | 0 | |a Performance measurement practices in the Malaysian companies : an exploratory study |h [electronic resource] | |
| 856 | 4 | |u http://studentrepo.iium.edu.my/handle/123456789/3374 | |
| 900 | |a hj-ajt-rmb | ||
| 999 | |c 432813 |d 463120 | ||
| 952 | |0 0 |6 T HD 000058.9 A976P 2007 |7 0 |8 THESES |9 754034 |a IIUM |b IIUM |c MULTIMEDIA |g 0.00 |o t HD58.9A976P 2007 |p 00011003730 |r 2017-10-19 |t 1 |v 0.00 |y THESIS | ||
| 952 | |0 0 |6 LU T HD58.9A976P 2007 |7 0 |8 THESES |9 757697 |a IIUM |b IIUM |c CLOSEACCES |g 0.00 |o lu t HD58.9A976P 2007 |p 00011279501 |r 2017-11-01 |t 1 |v 0.00 |y THESIS | ||
| 952 | |0 0 |6 TS CDF HD58.9A976P 2007 |7 0 |8 THESES |9 830066 |a IIUM |b IIUM |c MULTIMEDIA |g 0.00 |o ts cdf HD58.9A976P 2007 |p 11100325867 |r 2017-10-26 |t 1 |v 0.00 |y THESISDIG | ||
